000 00736nam a2200253Ia 4500
003 OSt
005 20221005033132.0
006 a|||||r|||| 00| 0
007 ta
008 221004b |||||||| |||| 00| 0 urd d
020 _a938763504X (hbk)
_cINR 150.00
024 _a65565
037 _b2393, 29/02/2020, M.R.Publications
_cTextual
040 _aCRL
_cCRL
_burd
041 _2urd
_aurd
082 _aO168,1N333x, Q7
100 _aAzam Au.
_9585875
245 0 _aDeewan-e-Azam
260 _aDelhi
_bArshia publications India
_c2017
300 _a137p.
_ccm.
650 _aURDU POETRY
942 _hO168,1N333x, Q7
_cTEXL
_2cc
999 _c940974
_d940974